000
00210nam a2200097Ia 4500
005
20251222114355.0
008
251222s1900||||xx |||||||||||||| ||spa||
082
_a
DVD0040/S28/2011
245
0
_a
Hugo:
942
_c
DVD
999
_c
1408
_d
1408